=LDR 00000nam 2200000 4500 =001 INLIS000000000030929 =005 20130612133033 =008 ***********************************ind** =035 ##$$0010-061300000030929 =041 ##$$a ind =082 ##$$a 028.5 =090 ##$$a 028.5, Ami b =100 ##$$a Amijaya, Arleen =245 ##$$a Bile si bukit, oleh, Arleen Amijaya ; Ilustrator, Adli Wena ; editor, Imran laha =260 ##$$a 2008 $b Jakarta =300 ##$$a 23 hlm, ilus, 16 cm =650 ##$$a Bacaana Anak -anak =850 ##$$a NBPNMAT